000 00406nam a2200157 i 4500
001 27419
003 ES-MaACL
005 20230906153620.0
007 t|
008 030114s1914 xxk ||||1| eng d
100 1 _aAttwood, E. L.
_923777
245 1 4 _aThe modern warship /
_cE. L. Attwood.
260 _aCambridge :
_bUniversity Press,
_c1914.
300 _a146 p. ;
_c16 cm.
852 _aES-MaACL
_jD-3247
999 _c27419
_d27419